| 000 | 00489nam a2200193 a 4500 | ||
|---|---|---|---|
| 020 | _a0949511870 | ||
| 040 | _cDLC | ||
| 082 | _a634 BOL 1989 C143 Or. | ||
| 100 | 1 | _aBoland, D. J. | |
| 245 | 1 | 0 | _aTREES FOR THE TROPICS |
| 300 |
_a191 pages : _billustrations ; _c26 cm |
||
| 500 | _aDistributor from label on verso t.p | ||
| 500 | _aIncludes index | ||
| 650 | 0 | _aEucalyptus | |
| 700 | 1 | _aBrooker, M. I. H. | |
| 700 | 1 | _aTurnbull, J. W. | |
| 700 | 1 | _aKleinig, D. A. | |
| 942 | _cAEDBB | ||
| 999 |
_c22204 _d22204 |
||